Ley orgánica de los impuestos sobre la masa global hereditaria, asignaciones y donaciones y decretos que la reglamentan (Registro nro. 13965)
[ vista simple ]
| 000 -ENCABEZADO | |
|---|---|
| Número de control [NR] | 00661nam a2200169Ia 4500 |
| 005 - FECHA Y HORA DE LA ÚLTIMA TRANSACCIÓN | |
| control field | 20211108101544.0 |
| 008 - DE LONGITUD FIJA DE DATOS DE ELEMENTOS - INFORMACIÓN GENERAL | |
| Elementos de longitud fija [NR] | 130821s1938 ck gr spa |
| 040 ## - FUENTE DE CATALOGACION [NR] | |
| Agencia de catalogación original [NR] | CO-BoUCM |
| Idioma de catalogación [NR] | Español |
| Quien Cataloga | [Nuevo] |
| Quien Clasifica | [Nuevo] |
| 082 04 - NUMERO DE CLASIFICACION DECIMAL DEWEY [R] | |
| Número de clasificación [R] | 346.3 |
| Número de la edición [NR] | 20 |
| 245 10 - MENCION DE TITULO [NR] | |
| Título [NR] | Ley orgánica de los impuestos sobre la masa global hereditaria, asignaciones y donaciones y decretos que la reglamentan |
| Mención de responsabilidad, etc. [NR] | Ministerio de Hacienda y Crédito Público |
| 260 ## - PUBLICACION, DISTRIBUCION, ETC. (PIE DE IMPRENTA) [R] | |
| Lugar de publicación, distribución, etc. [R] | Bogotá (Colombia) |
| Nombre del editor, distribuidor, etc. [R] | Imprenta Nacional |
| Fecha de publicación, distribución, etc. [R] | 1938 |
| 300 ## - DESCRIPCION FISICA [R] | |
| Extensión [R] | 166 páginas |
| 500 ## - NOTA GENERAL [R] | |
| Nota general [NR] | El ejemplar No.2 es donación José Antonio Montalvo. |
| 650 #7 - ASIENTO SECUNDARIO DE MATERIA - TERMINO TEMATICO [R] | |
| 9 (RLIN) | 12711 |
| Término temático o nombre geográfico como elemento de entrada [NR] | Derecho civil |
| 650 #7 - ASIENTO SECUNDARIO DE MATERIA - TERMINO TEMATICO [R] | |
| 9 (RLIN) | 25448 |
| Término temático o nombre geográfico como elemento de entrada [NR] | Testamentos |
| 942 ## - ELEMENTOS DE ENTRADA AGREGADOS (KOHA) | |
| Tipo de ítem principal el descrito en 300a | Libro |
| Sistema de clasificación | LOCAL |
| Tema principal | [No clasificado] |
| Edición | 1 |
| Suprimido | Perdido | Sistema de clasificación | Dañado | No prestable | Tipo de ítem específico | Ubicación habitual | Ubicación actual | Localización | Fecha de creación | Forma de adquisición | Costo | Signatura topográfica | Código de barras | Última vez visto | Fecha de último préstamo | Ejemplar | Price effective from | Tipo de ítem | Nota pública (OPAC) |
|---|---|---|---|---|---|---|---|---|---|---|---|---|---|---|---|---|---|---|---|
| DEWEY | Libro | Claustro | Claustro | 3er piso | 28/02/2003 | Compra | 35.00 | FM 000983 | 100000888 | 04/12/2025 | 07/03/2012 | Ej.1 | 03/02/2013 | Libro | Galería de donantes |